Detalles MARC
| 000 -LÍDER |
| Campo fijo de descripción fija |
01880nam a2200337 i 4500 |
| 001 - NÚMERO DE CONTROL |
| Campo de control |
768714001 |
| 003 - IDENTIFICADOR DEL NÚMERO DE CONTROL |
| Campo de control |
CO-MdFUSB |
| 005 - FECHA Y HORA DE LA ULTIMA TRANSACCIÓN |
| control field |
20240626104741.0 |
| 007 - CAMPO FIJO DE DESCRIPCIÓN FIJA--INFORMACIÓN GENERAL |
| Campo fijo de descripción fija |
ta |
| 008 - ELEMENTOS DE LONGITUD FIJA -- INFORMACIÓN GENERAL |
| Campo fijo de descripción fija -- Información general |
230418t2001 -usaoc|| |||| 00| 0 eng d |
| 020 ## - NÚMERO INTERNACIONAL NORMALIZADO PARA LIBROS |
| Número Internacional Normalizado del libro |
9781841270708 |
| 040 ## - FUENTE DE CATALOGACIÓN |
| Agencia de catalogación original |
CO-MdFUSB |
| Idioma de catalogación |
spa |
| Agencia que realiza la transcripción |
CO-MdFUSB |
| Agencia que realiza la modificación |
CO-MdFUSBC |
| Convenciones de la descripción |
rda |
| 041 ## - CÓDIGO DE IDIOMA |
| Código de idioma para texto/pista de sonido o título separado |
eng |
| 082 ## - NÚMERO DE CLASIFICACIÓN DECIMAL DEWEY |
| Número de la edición del Dewey |
23 |
| Número de clasificación |
225.1 |
| Clave de autor-Numero de item |
M645 |
| 100 ## - ASIENTO PRINCIPAL--NOMBRE PERSONAL |
| Nombre personal |
Millard, Alan, |
| Término relacionador |
autor |
| 245 ## - TÍTULO |
| Título del Material |
Reading and writing in the time of Jesus |
| Mención de responsabilidad, etc. |
/ Alan Ralph Millard |
| 264 #1 - PRODUCCIÓN, PUBLICACIÓN, DISTRIBUCIÓN, MANUFACTURA, Y COPYRIGHT |
| Lugar de producción, publicación, distribución, manufactura |
Sheffield, England : |
| Nombre del productor, publicador, distribuidor |
Sheffield Academic Press, |
| Fecha de producción, publicación, distribución, manufactura, o copyright |
[2001] |
| 264 #4 - PRODUCCIÓN, PUBLICACIÓN, DISTRIBUCIÓN, MANUFACTURA, Y COPYRIGHT |
| Fecha de producción, publicación, distribución, manufactura, o copyright |
© 2001 |
| 300 ## - DESCRIPCIÓN FÍSICA |
| Extensión |
288 páginas |
| Dimensiones |
; 24 cm |
| 336 ## - TIPO DE CONTENIDO |
| Fuente |
rdacontent |
| Término de tipo de contenido |
texto |
| Código de tipo de contenido |
txt |
| 337 ## - TIPO DE MEDIO |
| Fuente |
rdamedia |
| Nombre del tipo de medio |
sin mediación |
| Código del tipo de medio |
n |
| 338 ## - TIPO DE SOPORTE |
| Fuente |
rdacarrier |
| Nombre del tipo de soporte |
volumen |
| Código Tipo de soporte |
nc |
| 490 ## - MENCIÓN DE SERIE |
| Mención de serie |
The Biblical Seminar |
| 505 ## - NOTA DE CONTENIDO |
| Nota de contenido con formato preestablecido |
Libros antiguos y su supervivencia. -- Manuscritos cristianos primitivos. -- La forma del libro: página versus rollo. -- Escribir en la Palestina herodiana. -- Una sociedad políglota. -- ¿Quién leyó y quién escribió? -- ¿Tradición oral o informes escritos? -- La escritura y los evangelios.<br/> |
| 520 ## - NOTA DE RESUMEN, ETC. |
| Nota de sumario, etc. |
"Leer y escribir en el tiempo de Jesús primero ofrece una breve introducción a la historia de la supervivencia temprana de la escritura, cómo tenemos los documentos que tenemos y qué nos pueden decir sobre los tiempos y lugares de sus orígenes. Esta descripción es seguido de una mirada más específica a qué escritos bíblicos y religiosos sobreviven, cómo están fechados y quién podía leer y escribir en el momento de su creación.Finalmente, Millard examina la posibilidad de que las palabras y acciones de Jesús se escribieran. durante su vida y lo que esto significaría para el estudio del cristianismo y los orígenes de los Evangelios". |
| 563 ## - NOTA DE ENCUADERNACIÓN |
| Nota de encuadernación |
Rústico |
| 630 07 - TITULO UNIFORME |
| Título uniforme |
Biblia. |
| Nombre de parte o sección de la obra |
Evangelios |
| 942 ## - TIPO DE MATERIAL (KOHA) |
| Tipo de Item KOHA |
Libros General |
| 945 ## - INFORMACIÓN LOCAL DEL REGISTRO |
| Catalogador |
JTF-925 |